Tragedy of king lear (Record no. 4185)
[ view plain ]
| 000 -LEADER | |
|---|---|
| fixed length control field | 00455cam a2200181ua 4500 |
| 008 - FIXED-LENGTH DATA ELEMENTS--GENERAL INFORMATION | |
| fixed length control field | 120229n at |||gr||||Z||||||eng |
| 040 ## - CATALOGING SOURCE | |
| Transcribing agency | MAIN |
| 082 ## - DEWEY DECIMAL CLASSIFICATION NUMBER | |
| Classification number | 822 |
| 100 ## - MAIN ENTRY--PERSONAL NAME | |
| Personal name | Harrison, G. B., |
| Relator term | |
| 245 11 - TITLE STATEMENT | |
| Title | Tragedy of king lear |
| Statement of responsibility, etc. | by G. B. Harrison |
| 250 ## - EDITION STATEMENT | |
| Edition statement | 1st. |
| 260 ## - PUBLICATION, DISTRIBUTION, ETC. | |
| Place of publication, distribution, etc. | Mitcham: |
| Name of publisher, distributor, etc. | Penguin books, |
| Date of publication, distribution, etc. | 1962. |
| 300 ## - PHYSICAL DESCRIPTION | |
| Extent | 160p: |
| Dimensions | 15cm. |
| 700 ## - ADDED ENTRY--PERSONAL NAME | |
| Personal name | Shakespeare, Willaim, |
| Relator term | |
| 942 ## - ADDED ENTRY ELEMENTS (KOHA) | |
| Koha item type | Books |
| 653 ## - INDEX TERM--UNCONTROLLED | |
| Uncontrolled term | English drama |
| Withdrawn status | Lost status | Damaged status | Not for loan | Home library | Current library | Shelving location | Date acquired | Total Checkouts | Full call number | Barcode | Date last seen | Copy number | Price effective from | Koha item type |
|---|---|---|---|---|---|---|---|---|---|---|---|---|---|---|
| Naharkatiya College Library | Naharkatiya College Library | General Stacks | 19/09/2020 | 822 | SHA | 5727 | 19/09/2020 | 1 | 19/09/2020 | Books | |||||
| Naharkatiya College Library | Naharkatiya College Library | General Stacks | 19/09/2020 | 822 | SHA | 5917 | 19/09/2020 | 2 | 19/09/2020 | Books |
